000 00588nam a2200205Ia 4500
005 20250326144947.0
008 250326s9999 xx 000 0 und d
020 _a81-297-0027-1
037 _aTextbook
040 _aFMSL
_beng
_cFMSL
041 _aeng
_2eng
084 _aX8(A):8 P0;1
_qFMSL
100 _aHaksever C
_9742720
245 0 _aService management and operations
_cHaksever C; Render B And Others
250 _a2
260 _aNew Delhi
_bNew Delhi, Pearson Education
_c2000
300 _axx,584
942 _cTB
_hX8(A):8 P0;1
999 _c1305812
_d1305812